00829nam a22002417a 450000500170000000800410001702000150005804000270007304100080010004400070010808200190011511001190013424500190025324600170027224600160028926000370030530000780034265000440042065000530046465000250051765000360054271000090057820180803170216.0160128b2003 sz ||||fr|||| 00| 0 spa d a2883230218 aCO-BoIAVH cCO-BoIAVH 0 aspa asz04a333.9542bS44h2 aSecretaría de la convención sobre el comercio internacional de especies amenazadas de fauna y flora silvestres10aHandbook CITES aManual CITES aGuide CITES aVernier (Suiza) :bCITES,c2003. a[260 láminas aproximadamente] :bilustraciones ;c31 x 26 cm. +eCD-ROM 6aBiodiversidadvManualesxConservación 6aDiversidad biológicavManualesxConservación 6aComercio de especies 4aComercio de especies amenazadas2 aUNEP